Loading...
| Science - Physics | 7 | 2 | 1 | 0 | 120 | 16 | 48.67 | 8 | 9 |
| Science - Chemistry | 5 | 3 | 0 | 0 | 105 | 44 | 69.50 | 7 | 8 |
| Science - Other Science | 3 | 4 | 1 | 1 | 80 | 20 | 63.00 | 6 | 7 |
| Science - Biology | 1 | 5 | 1 | 1 | 60 | 51 | 84.33 | 4 | 6 |
| Beliefs | 1 | 2 | 0 | 1 | 35 | 80 | 114.33 | 0 | 3 |
| Visual Arts | 0 | 3 | 0 | 2 | 30 | 130 | 130.67 | 0 | 3 |
| Philosophy | 0 | 2 | 0 | 1 | 20 | 115 | 115.50 | 0 | 2 |
| Auditory Arts | 0 | 2 | 1 | 0 | 15 | 80 | 94.00 | 1 | 2 |
| History - American History | 0 | 1 | 0 | 1 | 10 | 129 | 129.00 | 0 | 1 |
| Other Academic | 0 | 1 | 0 | 1 | 10 | 113 | 113.00 | 0 | 1 |
| Social Science | 0 | 2 | 2 | 0 | 10 | 76 | 82.50 | 1 | 2 |
| History - World History | 0 | 0 | 0 | 0 | 0 | 0.00 | 0 | 0 | |
| History - Other History | 0 | 0 | 1 | 0 | -5 | 0.00 | 0 | 0 | |
| History - Ancient History | 0 | 0 | 1 | 0 | -5 | 0.00 | 0 | 0 | |
| History - European History | 0 | 0 | 2 | 0 | -10 | 0.00 | 0 | 0 |